000
00271nam a2200109Ia 4500
008
220204s9999 xx 000 0 und d
082
_a
159.9
_b
HIL
100
_a
Hill, Napoleon
245
0
_a
Grow rich: With peace of mind
260
_a
New york
_b
Fawcett
_c
1967
942
_c
BK
999
_c
33463
_d
33463